| 000 | 01164nam a2200217Ia 4500 | ||
|---|---|---|---|
| 003 | Ost | ||
| 005 | 20260507075633.0 | ||
| 008 | 260507s9999||||xx |||||||||||||| ||und|| | ||
| 040 | _cfsecg | ||
| 041 | _aara | ||
| 082 | _a1.6424 | ||
| 100 |
_aالشيخ، عاصم عبد الرحمن _eمؤلف |
||
| 245 | 0 |
_aبحوث العمليات واستخدام حزم البرمجيات : _bبرمجية الخوارزمي / _c عاصم عبد الرحمن الشيخ |
|
| 260 |
_aعمان: _bدار المناهج للنشر والتوزيع, _c1999 |
||
| 300 |
_a344 صفحة؛ _bإيضاحات ؛ _c25 سم |
||
| 520 | _aبحوث العمليات وأسلوبها في حل المشاكل- البرمجية الخطية- الطريقة البيانية- البرمجة الخطية- البرمجة الخطية وتحليل الحساسية والثنائية- الحل بواسطة الحاسوب وبعض التطبيقات- النقل والتعيين- تحليل القرار- نماذج المخزون- نظرية الصفوف | ||
| 653 | _aالإعلام الألي | ||
| 653 | _aالبرمجيات | ||
| 653 | _aعلم الحاسوب | ||
| 942 | _cكتاب | ||
| 999 |
_c45260 _d45260 |
||